00285nam a2200121Ia 4500008004100000100000900041245004000050260003000090300000800120650001300128942000700141999001500148190216s9999||||xx |||||||||||||| ||und|| aNull 0a"Employes State Insurance Act,1948" bCentral Law Agenccyc1986 a57p aCommerce cBK c5221d5221